| 000 | 00000nam 2200000zi 4500 |
| 001 | 9.947565 |
| 003 | CaOODSP |
| 005 | 20250626084612 |
| 006 | m o d f |
| 007 | cr cn||||||||| |
| 008 | 250130s1985 oncb ob f000 0 eng d |
| 040 | |aCaOODSP|beng|erda|cCaOODSP |
| 041 | |aeng|beng|bfre |
| 043 | |an-cn-on |
| 086 | 1 |aEn57-55/85-19E-PDF |
| 100 | 1 |aCrowe, R. B., |eauthor. |
| 245 | 10|aEffect of carbon dioxide warming scenarios on total winter snowfall and length of winter snow season in Southern Ontario / |cby R.B. Crowe. |
| 264 | 1|aDownsview, Ontario : |bAtmospheric Environment Service, Climatological Services Division, |c[1985] |
| 300 | |a1 online resource (vii, 55 pages) : |bmaps. |
| 336 | |atext|btxt|2rdacontent |
| 337 | |acomputer|bc|2rdamedia |
| 338 | |aonline resource|bcr|2rdacarrier |
| 490 | 1 |a[Canadian Climate Centre report] ; |v[no. 85-19] |
| 500 | |a"A publication of the Canadian Climate Program." |
| 500 | |aDigitized edition from print [produced by Environment and Climate Change Canada]. |
| 504 | |aIncludes bibliographical references (page 9). |
| 520 | 3 |a"Projections of total winter snowfall and length of winter snow season in southern Ontario are presented for two climate change scenarios associated with a doubling of atmospheric carbon dioxide concentrations. These projections are based on a relationship between mean monthly temperature and the percentage of total precipitation falling as snow"--Abstract, page ii. |
| 546 | |aIncludes abstracts in English and French. |
| 650 | 0|aAtmospheric carbon dioxide|xEnvironmental aspects|zOntario, Southern|vCase studies. |
| 650 | 0|aWinter|zOntario, Southern|xForecasting|vCase studies. |
| 650 | 0|aSnow|zOntario, Southern|xForecasting|vCase studies. |
| 650 | 6|aGaz carbonique atmosphérique|xAspect de l'environnement|zOntario (Sud)|vÉtudes de cas. |
| 650 | 6|aHiver|zOntario (Sud)|xPrévision|vÉtudes de cas. |
| 650 | 6|aNeige|zOntario (Sud)|xPrévision|vÉtudes de cas. |
| 655 | 7|aCase studies|2lcgft |
| 655 | 7|aÉtudes de cas|2rvmgf |
| 710 | 2 |aCanadian Climate Centre, |eissuing body. |
| 710 | 2 |aCanadian Climate Program, |eissuing body. |
| 830 | #0|aCanadian Climate Centre report ;|v[no. 85-19].|w(CaOODSP)9.934183 |
| 856 | 40|qPDF|s63.0 MB|uhttps://publications.gc.ca/collections/collection_2025/eccc/en57/En57-55-85-19-eng.pdf |